000 00413nam a22001217a 4500
003 SGT
082 _a080
_bK83K
100 _aकिशोराणी, प्रकाशचंद्रनाशोक
245 _aकामनापैथी: एफ्फीसिएन्सी का कोर्स
260 _bसंसार साहित्य मंडल
_c1983
300 _a128
942 _2ddc
_cBK
999 _c31513
_d31513